000 00557nam a22002057a 4500
003 DO-SdBNP
005 20220215090056.0
007 ta
008 220210b2019 dr ||||| |||| 00| j spa d
020 _a9789945220193
040 _aDO-SdBNP
_bspa
_cBNPHU
082 4 _222
_bP128a
100 1 _aPagán, Francisco Javier
_981207
245 1 0 _aAl borde del abismo /
_cFrancisco Javier Pagán.
260 _aSanto Domingo :
_bBúho,
_c2019.
300 _a115 p. ;
_c22 cm.
590 _aInventariado, 2022 /LP
910 _aLopérez.
942 _2ddc
_cLBS1
999 _c51401
_d51401